Physical chemistry: Gases, Liquids and thermodynamics (Record no. 394506)

MARC details
000 -LEADER
fixed length control field 00511 a2200193 4500
005 - DATE & TIME
control field 20260121103925.0
008 - FIXED-LENGTH DATA ELEMENTS--GENERAL INFORMATION
fixed length control field 260120b |||||||| |||| 00| 0 eng d
020 ## - ISBN
International Standard Book Number 9789386754103
Price Rs. 695.00
040 ## - CATALOGING SOURCE
Original cataloging agency VIVEKANANDA LIBRARY
082 ## - DDC NUMBER
Classification number 541.3
Book Number M474P
100 ## - MAIN ENTRY--PERSONAL NAME
Personal name Mehta, S K
245 ## - TITLE STATEMENT
Title Physical chemistry: Gases, Liquids and thermodynamics
260 ## - PUBLICATION, DISTRIBUTION, ETC. (IMPRINT)
Name of publisher, distributor, etc IBS Learning
Date of publication, distribution, etc 2018
Place of publication, distribution, etc New delhi
300 ## - PHYSICAL DESCRIPTION
Pages 141
650 ## - Subject
Subject Chemistry
650 ## - Subject
Subject Physical Chemistry
700 ## - Added Entry Personal Name
Added Entry Personal Name Sahota, Gurinder
942 ## - ADDED ENTRY ELEMENTS (KOHA)
Koha item type Books
Holdings
Withdrawn status Lost status Source of classification or shelving scheme Damaged status Not for loan Location (home branch) Sublocation or collection (holding branch) Shelving location Date acquired Koha issues (times borrowed) Koha full call number Accession No. Koha date last seen Koha item type
    Dewey Decimal Classification     VIVEKANANDA LIBRARY VIVEKANANDA LIBRARY Vivekananda Library 06/01/2026   541.3 M474P 444137 06/01/2026 Books
    Dewey Decimal Classification     VIVEKANANDA LIBRARY VIVEKANANDA LIBRARY Vivekananda Library 06/01/2026   541.3 M474P 444138 06/01/2026 Books
    Dewey Decimal Classification     VIVEKANANDA LIBRARY VIVEKANANDA LIBRARY Vivekananda Library 06/01/2026   541.3 M474P 444135 06/01/2026 Books
    Dewey Decimal Classification     VIVEKANANDA LIBRARY VIVEKANANDA LIBRARY Vivekananda Library 06/01/2026   541.3 M474P 444134 06/01/2026 Books
    Dewey Decimal Classification     VIVEKANANDA LIBRARY VIVEKANANDA LIBRARY Vivekananda Library 06/01/2026   541.3 M474P 444136 06/01/2026 Books
© Designed and Maintained by Vivekananda Library, MDU Rohtak